000 00652nam a2200157Ia 4500
008 220204s9999 xx 000 0 und d
082 _aNR:63:581.1
_bRRI
245 0 _aPhysiological and molecular basis of breeding for tolerance to biotic and abiotic stresses: A laboratory manual, IRRDB International training programme,IRRDB specialist group on physiology,IRRDB specilaist group on physiology
260 _aKottayam
_bRubber Research Institute of India
_c2012
650 _aBioinformativcs software
650 _aDNA markers
650 _aDrought toerant hevea clones
650 _aGas exchange studies
650 _aWater relations
942 _cBK
999 _c44868
_d44868